000 00914nam a2200217Ia 4500
001 10843
003 GE_BSU
008 181216s||||||||xx |||||||||||||| ||und||
040 _cGE_BSU
080 _a821.353.1–1
100 _aქვლივიძე,მიხეილ
245 _aმემღერებოდა ასე...,მოკითხვამდე...,გაგრძელება იქნება...
245 _bლექსები.
245 _cრედ.ლეილა ნანიტაშვილი;მხატვ.მედეა ჯაბუა.
260 _aთბილისი.
260 _bსაბჭოთა საქართველო.
260 _c1975.
300 _a462გვ;20სმ.
653 _aმემღერებოდა ასე...,მოკითხვამდე...,გაგრძელება იქნება...
942 _cBK
999 _c44086
_d44086